000 01104nam a22003377a 4500
003 CHAP
005 20220817041525.0
008 971013s1982 r 00010 d
010 _a17021
011 _a17993
035 _a22077
040 _cCHAP
090 _aFolleto 10655 (1982)
100 0 0 _aGonzález González, Jorge.
_948963
245 _aEcología
260 _aMéxico, D.F. :
_bTrillas,
_c1982
300 _a54 p.
_b: ilus.
490 _aTemas básicos : Area biología
_v; 1
590 _aBATCH-UPD
_b10
_c20130110
_lUCH01
_h1334
590 _aBATCH-UPD
_b10
_c20130410
_lUCH01
_h0838
590 _aBATCH-UPD
_b10
_c20130914
_lUCH01
_h1227
590 _aCONVERSION
_b10
_c20130109
_lUCH01
_h1311
650 1 4 _aEcología.
_935134
700 0 _aFernández Álamo, María Ana.
_940251
700 0 _aSegura Puertas, María de Lourdes.
_9103660
830 0 _aTemas básicos : Area biología
_v; 1
901 _aBK
942 _cFOLL
949 _aFolleto 10655 (1982)
_bBC
_cFOLL
_d-51371
_eTS1
_gI.c.e
_i22077
_si
_t6.00
949 _aFolleto 10655 (1982)
_bBC
_cFOLL
_d-51373
_eTS2
_fc.2
_i22077
_si
_t6.00
999 _c17021
_d17021